| 000 | 00743nam a2200205 a 4500 | ||
|---|---|---|---|
| 005 | 20220621180628.0 | ||
| 008 | 991125s1967 mx 000 0 spa u | ||
| 035 | _aUPN01000008159 | ||
| 049 | _aSEP | ||
| 050 | 4 |
_aPQ7235 _bC5.6 |
|
| 245 | 0 | 0 |
_aCinco poetas jóvenes / _cAlberto Blanco ... [et al.] ; pról. Francisco Monterde ; selec. y notas Anamari Gomís. |
| 260 |
_aMéxico : _bSEP, Subsecretaría de la Juventud, la Recreación y el Deporte, _c1967. |
||
| 300 | _a82 p | ||
| 440 | 0 | _aCuadernos juventud | |
| 650 | 4 |
_aLiteratura mexicana _ySiglo XX _95344 |
|
| 650 | 0 |
_aLiteratura mexicana (Selecciones, extractos, etc.) _920984 |
|
| 700 | 1 |
_aBlanco, Alberto, _d1951- _ecoaut. _930864 |
|
| 700 | 1 |
_aGomís, Anamari, _ecomp. |
|
| 905 | _aLibro | ||
| 999 |
_c8159 _d8159 |
||